000 00249nam a2200109Ia 4500
008 190216s9999||||xx |||||||||||||| ||und||
100 _aVardarajan
245 0 _aHindi-Elengo Adikant
260 _bCambridge Uty Press
650 _aHindi
942 _cBK
999 _c15308
_d15308